Պատմութիւն հայոց / (Record no. 202365)
[ view plain ]
| 000 -LEADER | |
|---|---|
| fixed length control field | 01761nam a2200241 a 4500 |
| 001 - CONTROL NUMBER | |
| control field | 000540510 |
| 003 - CONTROL NUMBER IDENTIFIER | |
| control field | AM-YEHGA |
| 005 - DATE AND TIME OF LATEST TRANSACTION | |
| control field | 20260123094633.0 |
| 008 - FIXED-LENGTH DATA ELEMENTS--GENERAL INFORMATION | |
| fixed length control field | 070608s1860 ru ||| |||||||||||||arm|d |
| 040 ## - CATALOGING SOURCE | |
| Original cataloging agency | AM-YEHGA |
| 041 0# - LANGUAGE CODE | |
| Language code of text/sound track or separate title | arm |
| 100 0# - MAIN ENTRY--PERSONAL NAME | |
| Personal name | Մխիթար Այրիվանեցի, |
| Dates associated with a name | 1230/1235 - 1297/1300 |
| 245 10 - TITLE STATEMENT | |
| Title | Պատմութիւն հայոց / |
| Statement of responsibility, etc. | Մ. Այրիվանեցի. |
| 260 ## - PUBLICATION, DISTRIBUTION, ETC. | |
| Place of publication, distribution, etc. | Մոսկվա : |
| Name of publisher, distributor, etc. | տպ. Լազարեան ճեմարանի Արեւելեան լեզուաց, |
| Date of publication, distribution, etc. | 1860. |
| 300 ## - PHYSICAL DESCRIPTION | |
| Extent | 69, 18 էջ ; |
| Dimensions | 23 սմ. |
| 500 ## - GENERAL NOTE | |
| General note | Լոյս ընծայեաց` Մ. Էմին ; Ծախիւք ներքին խորհրդականի սենեկապետի եւ ասպետի Խաչատրոյ Յովակիմեան Լազարևի |
| 500 ## - GENERAL NOTE | |
| General note | Տողատ. ծանոթ. |
| 501 ## - WITH NOTE | |
| With note | Կազմակից են՝ Պատմագրութիւն անցիցն իւրոց եւ Նատր-Շահին պարսից / Աբրահամ կաթողիկոս Կրետացի. - Վաղարշապատ : տպ. Ս. Էջմիածնի, 1870. - (Ա-Դ), 129 էջ ; Վերին Ագուլեաց երկու սեռից ուսումնարանների բացվիլը եւ կանոնադրութիւնքը /Պերճ Պռօշեանց. - Մոսկվա : Ա. հ., 1868. - 76 էջ ; Պարապոյ ժամք Մովսիս Զօհրապեանց Արցախեցւոյ /Մովսիս Զօհրապեանց Արցախեցի, Մասն 2-րդ. - Մոսկվա : տպ. Վօլդեմար Գօթիե, 1859. - 127 էջ |
| 650 14 - SUBJECT ADDED ENTRY--TOPICAL TERM | |
| Topical term or geographic name entry element | Հայոց պատմություն |
| 650 14 - SUBJECT ADDED ENTRY--TOPICAL TERM | |
| Topical term or geographic name entry element | Հայ պատմիչների ստեղծագործությունները որպես պատմական աղբյուրներ |
| 9 (RLIN) | 4992 |
| 700 1# - ADDED ENTRY--PERSONAL NAME | |
| Personal name | Էմին, Մկրտիչ Հովսեփի, |
| Dates associated with a name | 1815-1890 |
| Relator term | հրատ. |
| Relationship | pbl |
| 9 (RLIN) | 3517 |
| 942 ## - ADDED ENTRY ELEMENTS (KOHA) | |
| Source of classification or shelving scheme | Universal Decimal Classification |
| Koha item type | Գրքեր / Books |
| Withdrawn status | Lost status | Damaged status | Not for loan | Collection | Home library | Current library | Date acquired | Total checkouts | Full call number | Barcode | Date last seen | Price effective from | Koha item type | Public note | Source of classification or shelving scheme |
|---|---|---|---|---|---|---|---|---|---|---|---|---|---|---|---|
| General | Fundamental Scientific Library | Fundamental Scientific Library | 28/12/2016 | AII/67826 | FL0199473 | 28/12/2016 | 28/12/2016 | Գրքեր / Books | 30 Days Loan | ||||||
| Levonyan Individual Collection | Fundamental Scientific Library | Fundamental Scientific Library | 28/12/2016 | Лев/805 | FL0390261 | 28/12/2016 | 28/12/2016 | Գրքեր / Books | ILL Non-Circ. | Universal Decimal Classification | |||||
| Fundamental Scientific Library | Fundamental Scientific Library | 19/11/2025 | Ղար/757 | FL0700933 | 19/11/2025 | 04/12/2025 | Գրքեր / Books | ILL Non-Circ. |
ՀՀ Գիտությունների ազգային ակադեմիայի հիմնարար գիտական գրադարան = Fundamental Scientific Library of NAS RA
All site content, except where otherwise noted, is licensed under a